Chi l'ha scritto? #2 - Statistics

Statistiche generali
  • Questo quiz è stato fatto 96 volte
  • Il punteggio medio è 11 su 17
Statistiche sulle risposte
Opera Autore % Corretto
Decameron Giovanni Boccaccio
98%
Divina Commedia Dante Alighieri
94%
Harry Potter J. K. Rowling
94%
Romeo e Giulietta William Shakespeare
85%
Ossi di seppia Eugenio Montale
79%
Eneide Virgilio
77%
Assassinio sull'Orient Express Agatha Christie
75%
Guerra e Pace Lev Tolstoj
64%
Il giro del mondo in 80 giorni Jules Verne
54%
I fiori del male Charles Baudelaire
53%
Frankenstein Mary Shelley
53%
Don Chisciotte della Mancia Miguel de Cervantes
52%
Le metamorfosi Ovidio
51%
Addio alle armi Ernest Hemingway
47%
La Sirenetta Hans Christian Andersen
36%
Fiabe del focolare Fratelli Grimm
35%
Le avventure di Tom Sawyer Mark Twain
26%
Nessun quiz corrispondente trovato
Distribuzione punteggi
Percentuale di utenti per punteggio
Percentile per numero di risposta
I tuoi punteggi nel tempo
Non hai fatto questo quiz